000 00721nam a22002297a 4500
005 20170124105930.0
010 _aA-899840
020 _c00.00
_a8170366186
035 _aA-899840
037 _bCen Lib/Ret
040 _aDPL
_bEN
082 _a305.1
_bDUB
100 _aDube, Leela
_98093
245 _aWomen and kinship :
_cby Leela Dube
_bcomparative perspectives on gender in South and South-East Asia /
260 _aTokyo
_bUnited Nations
_c1997
270 _a53-70, Jngumae 5 Chome, Shibuya
_bTokyo
300 _ax, 214p.
_c21cm(Hb)
500 _aIncludes bibliographical reference and index
650 _aSoutheast Asia
_98094
650 _aKinship
_98095
942 _2ddc
_cEN
_h305.1
_mDUB
999 _c123804
_d123804